| 000 | 01143cab a22002055a 4500 | ||
|---|---|---|---|
| 001 | L137096 | ||
| 008 | 070314e2007 xxk 000 0 eng d | ||
| 035 | _a(Sirsi) u137096 | ||
| 041 | _aeng | ||
| 245 | 0 | 0 |
_aScottish and Newcastle PLC v Zeljko Stephen Raguz _h[electronic resource] |
| 260 | _c2007 | ||
| 520 | _a[2007] EWCA Civ 150, 6 March 2007. The landlord wished to preserve the possibility of claiming against an original tenant when the rent was subject to review. "Held": the landlord had to serve notices under the Landlord and Tenant (Covenants) Act 1995 s.17(2) within six months after each rent day in turn, specifying in the Schedule that the sum intended to be recovered was then nil, but subject to para.4 of the notice and the possibility of the rent being determined to be a greater sum. | ||
| 590 | _aKA | ||
| 650 | 2 | 4 | _aLANDLORD AND TENANT (COVENANTS) ACT 1995 S17 |
| 650 | 2 | 4 | _aSCOTTISH AND NEWCASTLE PLC V RAGUZ |
| 650 | 2 | 4 | _aLAND REGISTRATION ACT ACT 1925 S24 |
| 651 | 4 | _aLONDON | |
| 856 | 4 | 0 |
_uhttps://www.bailii.org/ew/cases/EWCA/Civ/2007/150.html _zView the item free of charge at www.bailii.org... |
| 942 | _n0 | ||
| 999 |
_c78553 _d78553 |
||